| 000 | 00740cam a2200265 u 4500 | ||
|---|---|---|---|
| 003 | UPN | ||
| 005 | 20220920133329.0 | ||
| 008 | 100614s2004 a dr 000 j spa d | ||
| 020 | _a8480636904 | ||
| 035 | _aUPN01000176518 | ||
| 040 |
_aMX-MxUPN _bspa _cMX-MxUPN |
||
| 049 | _aI | ||
| 050 | 4 |
_aPZ73 _bV3.3 |
|
| 100 | 1 |
_aVan, Ngo _934574 |
|
| 100 | 1 |
_aFleury, Hélène _946534 |
|
| 245 | 1 | 0 | _aCuentos populares de Vietnam |
| 250 | _aPrimera edición | ||
| 260 |
_aBarcelona : _bOctaedro, _c2004. |
||
| 300 |
_a63 páginas : _bilustraciones |
||
| 534 |
_pTitulo original: _tContes d'autrefois du Viet nam |
||
| 650 | 7 |
_aCuentos vietnamitas _922579 |
|
| 902 | _bVíctorGodínez/200922/M | ||
| 905 | _aLibro | ||
| 942 |
_2lcc _cLIBRO |
||
| 999 |
_c148621 _d148621 |
||